000 00195 a2200097 4500
001 5943
100 _aWidder,DV
245 _aLaplas Transforms
260 _a
_bPrinceton
_c
090 _c4851
_d4851
942 _aNUST-CAE
_cM
_c31213
999 _c241016
_d241016